Riconosci il Pokémon - Quiz n°809 - Statistics

Statistiche generali
  • Questo quiz è stato fatto 0 volte
  • Il punteggio medio è 0 su 10
Statistiche sulle risposte
Indizio Riposta % Corretto
Altezza 0,6 m
0%
Peso 10,5 kg
0%
Tasso di cattura 190 (35.2%)
0%
Sesso 87.5% ♂, 12.5% ♀
0%
Tipo Erba
0%
Stadio evoluzione Forma Base
0%
Tasso di allevamento Medio-Veloce
0%
Pokémon Pansage
0%
Generazione Quinta
0%
Abilità Voracità; Erbaiuto
0%
Nessun quiz corrispondente trovato
Distribuzione punteggi
Percentuale di utenti per punteggio
Percentile per numero di risposta
I tuoi punteggi nel tempo
Non hai fatto questo quiz